Statistics for Pacific Ocean geography

Click here to take the quiz!

General Stats

  • This quiz has been taken 35 times
    (29 since last reset)
  • The average score is 9 of 15

Answer Stats

HintAnswer% Correct
Coral reef on the northeastern part of AustraliaGreat Barrier Reef
85%
U.S island stateHawaii
81%
Deepest point on EarthMariana Trench
81%
Largest capital city it touchesTokyo
74%
Ecuadorian archipelago of volcanic islandsGalapagos Islands
67%
Highest mountain in the one aboveMauna Kea
67%
About 90% of the world's earthquakes occur along this volcanic beltRing of Fire
67%
The least visited country in the worldTuvalu
67%
Inhabited french overseas territoriesFrench Polynesia
59%
New Caledonia
52%
Countries whose land touches the 180th meridianFiji
48%
The largest settlement of this overseas territory is called AdamstownPitcairn Islands
41%
Russia
41%
Sea named after a german chancellorBismarck Sea
37%
Wallis and Futuna
30%

Score Distribution

Percentile by Number Answered

Percent of People with Each Score

Your Score History

You have not taken this quiz since the last reset